00433nam a2200157Ia 450000500170000000800410001702000150005808200130007324500730008626000280015930000180018765000150020565000140022065000130023470000280024720240709011229.0240331s9999 xx 000 0 und d a0415156602 a170bRUS 0aRusell on ethics :bselections from the writings of Bertrand Russell aLondonbRoutledgec1999 axiv, 257 p ., aPhilosophy aPolitical aReligion aPigden, R. Charlseeedt